Ego is The Enemy (Record no. 11244)

MARC details
000 -LEADER
fixed length control field 00337nam a22001457a 4500
003 - CONTROL NUMBER IDENTIFIER
control field OSt
008 - FIXED-LENGTH DATA ELEMENTS--GENERAL INFORMATION
fixed length control field 220521b ||||| |||| 00| 0 eng d
020 ## - INTERNATIONAL STANDARD BOOK NUMBER
International Standard Book Number 978-1-7812-5701-2
082 ## - DEWEY DECIMAL CLASSIFICATION NUMBER
Classification number 158.1 HOE
100 ## - MAIN ENTRY--PERSONAL NAME
Personal name HOLIDAY, Ryan
245 ## - TITLE STATEMENT
Title Ego is The Enemy
260 ## - PUBLICATION, DISTRIBUTION, ETC. (IMPRINT)
Place of publication, distribution, etc London
Name of publisher, distributor, etc P Profile Books
Date of publication, distribution, etc 2016
300 ## - PHYSICAL DESCRIPTION
Extent 225
942 ## - ADDED ENTRY ELEMENTS (KOHA)
Source of classification or shelving scheme Dewey Decimal Classification
Koha item type Text Books
Holdings
Withdrawn status Lost status Source of classification or shelving scheme Damaged status Not for loan Collection code Home library Current library Date acquired Source of acquisition Currency Cost, normal purchase price Bill Number Total Checkouts Full call number Acc. no. / Barcode Checked out Date last seen Date last borrowed Actual Cost, discounted price Bill Date Koha item type Public note
    Dewey Decimal Classification     GENERAL PIET C-LIBRARY PIET C-LIBRARY 25/04/2022 Kumar Stationery & Book Seller Indian Rup 499.00 35236 2 158.1 HOE 33606 27/02/2023 31/08/2022 31/08/2022 360.00 25/04/2022 Text Books Motivational

Design & Developed by: PIET Central Library
R70 Miles Stone Pattikalyana Samalkha Panipat 132102
mail ID :- [email protected], Phone No:- 0180-2569700 Ex.216